[Event "Club Championships"]
[Site "Wellington Chess Club"]
[Date "2012.08.14"]
[Round "2"]
[White "Jackson, Ross"]
[Black "Stoeveken, Peter"]
[Result "1-0"]
[WhiteElo "2026"]
[BlackElo "1917"]

1. d4 Nf6 2. c4 e5 3. dxe5 Ng4 4. Nf3 Nc6 5. Bg5 Be7 6. Bf4 Bb4+ 7. Nc3 Qe7 8.
Qd5 Bxc3+ 9. bxc3 Qa3 10. Qd2 Qe7 11. Qd5 Qa3 12. Qd2 Qe7 13. Bg5 Qc5 14. e4
Ncxe5 15. h3 Nxf3+ 16. gxf3 Ne5 17. Be2 Nxc4 18. Qd5 Qxd5 19. exd5 Nb6 20. c4
d6 21. Bd3 h6 22. Be3 Nd7 23. Rg1 Ne5 24. Be2 Bxh3 25. Rxg7 O-O-O 26. Kd2 Rdf8
27. Rh1 Bf5 28. Rg3 Rfg8 29. Rxh6 Rxh6 30. Rxg8+ 1-0

[Event "Club Championships"]
[Site "Wellington Chess Club"]
[Date "2012.08.14"]
[Round "3"]
[White "Cook, John"]
[Black "Veldhuizen, Matt"]
[Result "0-1"]
[WhiteElo "1611"]
[BlackElo "1573"]

1. d4 f5 2. e3 Nf6 3. Bd3 e6 4. Nf3 Be7 5. b3 O-O 6. O-O b6 7. Bb2 Bb7 8. Nbd2
Qe8 9. Re1 Qh5 10. h3 Bd6 11. e4 fxe4 12. Nxe4 Nxe4 13. Bxe4 Bxe4 14. Rxe4 Nc6
15. Rg4 Qf5 16. d5 Ne5 17. Qd4 Nxf3+ 18. gxf3 e5 19. Qe3 Qxf3 20. Qxf3 Rxf3 21.
Kg2 Raf8 22. Rf1 g6 23. b4 R8f5 24. h4 R3f4 25. f3 Rxb4 26. Rxb4 Bxb4 27. c4 d6
28. Kg3 Rf4 29. Rc1 Bc5 30. Rc2 Kf7 31. Bc1 Rf5 32. Re2 Bd4 33. f4 exf4+ 34.
Bxf4 Be5 35. Re4 Kf6 36. Kg4 h5+ 37. Kg3 Rxf4 38. Rxf4+ Bxf4+ 39. Kxf4 a6 40.
a3 b5 41. cxb5 axb5 42. Ke4 g5 { 43.Resigns} 0-1

[Event "Club Championships"]
[Site "Wellington Chess Club"]
[Date "2012.08.14"]
[Round "3"]
[White "Forster, Bill"]
[Black "Jackson, Ross"]
[Result "1-0"]
[WhiteElo "2049"]
[BlackElo "2026"]

1. e4 c5 2. Nc3 e6 3. f4 a6 4. Qe2 Nc6 5. Nf3 Nb4 6. d3 d6 7. g3 d5 8. exd5
Nxd5 9. Nxd5 Qxd5 10. Bg2 Qd8 11. O-O Nf6 12. f5 Be7 13. Bg5 O-O 14. Rae1 h6
15. Bf4 Nd5 16. Be5 f6 17. c4 Nb4 18. Bc3 Nxa2 19. fxe6 Nxc3 20. bxc3 a5 21.
Nh4 Ra6 22. Bd5 g5 {Then Black noticed } 23. Qh5 { and resigned} 1-0

[Event "Club Championships"]
[Site "Wellington Chess Club"]
[Date "2012.08.14"]
[Round "3"]
[White "Ker, Anthony"]
[Black "Nyberg, Michael"]
[Result "1-0"]
[WhiteElo "2449"]
[BlackElo "2074"]

1. e4 c6 2. d4 d5 3. exd5 cxd5 4. c4 Nf6 5. cxd5 Nxd5 6. Nc3 Nc6 7. Nf3 e6 8.
Bd3 Bb4 9. Qc2 h6 10. O-O O-O 11. a3 Be7 12. Rd1 Bf6 13. Be3 Re8 14. Rac1 a6
15. Ne4 Qe7 16. Bc4 Rd8 17. Ba2 Bd7 18. Nc5 Nxe3 19. fxe3 Bg5 20. Nxg5 Qxg5 21.
Qf2 Rab8 22. Rf1 Qe7 23. Qg3 Rf8 24. Qc7 Bc8 25. Qb6 Qg5 26. Rc3 a5 27. Ne4 Qg4
28. Nf2 Qg5 29. Nh3 Qh4 30. Rxc6 bxc6 31. Qxb8 Ba6 32. Qf4 Qh5 33. Rc1 g5 34.
Qf3 Qh4 35. Nf2 1-0

[Event "Club Championships"]
[Site "Wellington Chess Club"]
[Date "2012.08.14"]
[Round "3"]
[White "Pomeroy, Arthur"]
[Black "Dive, Russell"]
[Result "0-1"]
[WhiteElo "2111"]
[BlackElo "2437"]

1. e4 e5 2. Nf3 Nf6 3. Nxe5 d6 4. Nf3 Nxe4 5. d4 Be7 6. Bd3 d5 7. O-O Bg4 8. h3
Bh5 9. c4 O-O 10. cxd5 Nf6 11. Nc3 Nbd7 12. g4 Bg6 13. Ne5 Bxd3 14. Qxd3 Nb6
15. Bf4 Nfxd5 16. Bg3 c6 17. Rad1 Qc8 18. Kg2 f5 19. f4 Qe6 20. Rde1 Nxc3 21.
bxc3 Qxa2+ 22. Re2 Qd5+ 23. Kh2 c5 24. dxc5 Qxd3 25. Nxd3 Nc8 26. g5 Rd8 27.
Rf3 Bf8 28. Bf2 Ne7 29. Ne5 Rac8 30. Ra2 a6 31. Rb2 Rc7 32. c6 bxc6 33. Rb6 Ra8
34. c4 a5 35. Bd4 a4 36. Bb2 Nc8 37. Rxc6 Rxc6 38. Nxc6 a3 39. Bc3 Nd6 40. Nb4
a2 41. Rf1 Ne4 0-1

[Event "Club Championships"]
[Site "Wellington Chess Club"]
[Date "2012.08.14"]
[Round "3"]
[White "Sampathkumar, Shyamkumar"]
[Black "Sknar, Andrew"]
[Result "0-1"]
[WhiteElo "1301"]
[BlackElo "1427"]

1. e4 e5 2. Nf3 d6 3. Nc3 a6 4. Bc4 b5 5. Bb3 Nf6 6. d3 c6 7. a4 Bb7 8. Bxf7+
Kxf7 9. Bg5 Be7 10. Bxf6 Bxf6 11. O-O d5 12. Re1 d4 13. Ne2 b4 14. c3 c5 15.
cxb4 c4 16. Ng3 g6 17. Nxe5+ Bxe5 18. b5 Nd7 19. a5 axb5 20. f4 Bxf4 21. Rf1
Qc7 22. Rc1 c3 23. Qg4 g5 24. bxc3 dxc3 25. Qf5+ Ke7 26. Nh5 Raf8 27. Qxb5 Bxc1
28. Rxc1 h6 29. a6 Ba8 30. Qb4+ Qc5+ 0-1

[Event "Club Championships"]
[Site "Wellington Chess Club"]
[Date "2012.08.14"]
[Round "3"]
[White "Sellen, Ian"]
[Black "Stoeveken, Peter"]
[Result "0-1"]
[WhiteElo "2039"]
[BlackElo "1917"]

1. c4 b5 2. cxb5 f5 3. Nf3 Nf6 4. g3 d5 5. Bg2 e6 6. O-O Bd6 7. b3 a6 8. Nc3
Bd7 9. bxa6 Nxa6 10. Bb2 c5 11. d4 O-O 12. e3 Rc8 13. Qe2 Qb6 14. Rfd1 Rc7 15.
Bf1 Ra7 16. Nb5 Bxb5 17. Qxb5 Qc7 18. dxc5 Nxc5 19. Rdc1 Rb7 20. Qe2 Qb8 21.
Ba3 Nce4 22. Bxd6 Qxd6 23. Nd4 e5 24. Nb5 Qb4 25. a3 Qe7 26. f3 Ng5 27. h4 Ne6
28. Qb2 Nd7 29. Qd2 Nf6 30. b4 f4 31. exf4 exf4 32. Re1 Qd7 33. g4 Nd8 34. g5
Nh5 35. Re5 Rxb5 36. Bxb5 Qxb5 37. Rxd5 Qb6+ 38. Kg2 g6 39. Rd6 Qb8 40. Rd1 Nf7
41. Rd7 Ng7 42. Kh2 Ne5 43. Qd5+ Nf7 44. Rc1 Qe5 45. Qd2 Qe3 46. Qxe3 fxe3 47.
Re1 Nf5 48. Kh3 Ne5 49. Ra7 Nxf3 0-1

[Event "Club Championships"]
[Site "Wellington Chess Club"]
[Date "2012.08.14"]
[Round "3"]
[White "Stone, Andrew"]
[Black "Nijman, Brian"]
[Result "1/2-1/2"]
[WhiteElo "2033"]
[BlackElo "2156"]

1. e4 c5 2. d4 cxd4 3. c3 d3 4. Bxd3 d6 5. h3 g6 6. Nf3 Bg7 7. O-O Nf6 8. c4
O-O 9. Nc3 Nfd7 10. Be3 Nc6 11. Rc1 Nde5 12. Nxe5 Bxe5 13. Qd2 Qa5 14. a3 Bd4
15. Bxd4 Nxd4 16. Qe3 Nb3 17. Rcd1 Be6 18. Nd5 Qd8 19. Bc2 Nc5 20. e5 Bxd5 21.
Rxd5 Qc7 22. exd6 exd6 23. Qd2 Rad8 24. Rd1 Rfe8 25. b4 Ne6 26. Ba4 Rf8 27. Bb3
Qe7 28. Rxd6 Rxd6 29. Qxd6 Qg5 30. Qd5 Qf6 31. Qxb7 Nd4 32. Ba4 Ne2+ 33. Kh1
Qxf2 34. Qf3 Qxf3 35. gxf3 Nc3 36. Rd7 Nxa4 37. Rxa7 Nc3 38. c5 Nb5 39. Ra5 Nd4
40. b5 Re8 41. c6 Re1+ 42. Kg2 Re2+ 43. Kg3 Rc2 44. Ra8+ Kg7 45. Rc8 Rc3 46. b6
Nxc6 47. b7 Rb3 48. Rxc6 Rxb7 49. a4 Rb4 50. a5 Ra4 51. a6 Kf8 52. Rb6 h5 53.
f4 Ra3+ 54. Kh4 Kg7 55. Rc6 Kh6 56. Rf6 Kg7 57. Rb6 Rf3 58. Rb7 Rxf4+ 59. Kg5
Rf5+ 60. Kh4 Rf3 61. a7 Kh6 62. Rb6 Ra3 63. Rc6 Rxa7 64. Rb6 Ra4+ 65. Kg3 h4+
66. Kf3 Ra3+ 67. Kg4 Ra4+ 68. Kf3 Kg5 69. Rb5+ f5 70. Rb6 Ra3+ 71. Kg2 Rg3+ 72.
Kh2 Rc3 73. Ra6 Rc2+ 74. Kg1 Rc8 75. Ra7 Rc3 76. Kg2 Rg3+ 77. Kh2 Kf6 78. Ra6+
Ke5 79. Ra5+ Kd6 80. Ra6+ Ke5 81. Ra5+ Ke4 82. Ra4+ Kf3 83. Rxh4 f4 84. Rh6 Kf2
85. Rh8 Re3 86. Rf8 g5 87. Rf5 Kf3 88. Rxg5 Re2+ 89. Kg1 Re1+ 90. Kh2 Kf2 91.
Rf5 f3 92. Rf8 Re7 93. Rf6 Ke2 94. Ra6 Kf2 95. Rf6 Rg7 96. Rf8 Kf1 97. Rxf3+
Ke2 98. Rg3 Rf7 99. h4 Kf2 100. h5 Rf5 101. h6 Rf7 102. Rg7 Rf6 103. Rg2+ Kf1
104. Rg1+ 1/2-1/2

[Event "Club Championships"]
[Site "Wellington Chess Club"]
[Date "2012.08.14"]
[Round "3"]
[White "Timergazi, Layla"]
[Black "Roberts, Michael"]
[Result "0-1"]
[WhiteElo "1755"]
[BlackElo "1843"]

1. d4 Nf6 2. c4 g6 3. Nc3 d5 4. cxd5 Nxd5 5. e4 Nxc3 6. bxc3 Bg7 7. Be3 O-O 8.
Bc4 c5 9. Ne2 cxd4 10. cxd4 Nc6 11. O-O Na5 12. Bd3 Bg4 13. f3 Be6 14. Qd2 Nc4
15. Bxc4 Bxc4 16. Rfe1 Rc8 17. Rac1 Qd7 18. d5 Qa4 19. Rc2 b6 20. Rec1 Ba6 21.
Rxc8 Rxc8 22. Rxc8+ Bxc8 23. Nd4 Qd7 24. Nc6 f6 25. Qc1 Bb7 26. Qc4 e6 27. Nb4
exd5 28. Nxd5 Bxd5 29. exd5 Bf8 30. Bd4 Kg7 31. Bf2 Be7 32. Qc6 Qd6 33. Qxd6
Bxd6 34. Bg3 Bxg3 35. hxg3 Kf7 36. Kf2 Ke7 37. Ke3 b5 38. Kd4 Kd6 39. g4 a5 40.
g3 h6 41. f4 f5 42. g5 h5 43. a3 a4 44. Kc3 Kxd5 45. Kb4 Kc6 46. Kc3 Kc5 0-1

[Event "Club Championships"]
[Site "Wellington Chess Club"]
[Date "2012.08.21"]
[Round "4"]
[White "Forster, Bill"]
[Black "Pomeroy, Arthur"]
[Result "1/2-1/2"]
[WhiteElo "2049"]
[BlackElo "2111"]

1. Nf3 g6 2. e4 c5 3. d4 cxd4 4. Nxd4 Bg7 5. Be3 Nc6 6. Nc3 Nf6 7. Bc4 O-O 8.
Bb3 d6 9. f3 Bd7 10. Qd2 Rc8 11. Nxc6 bxc6 12. Bh6 Qa5 13. h4 c5 14. Bxg7 Kxg7
15. Bc4 Qb4 16. b3 Be6 17. Nd5 Bxd5 18. exd5 e6 19. dxe6 fxe6 20. a3 Qxd2+ 21.
Kxd2 d5 22. Bb5 Rc7 1/2-1/2

[Event "Club Championships"]
[Site "Wellington Chess Club"]
[Date "2012.08.21"]
[Round "4"]
[White "Frater, Dylan"]
[Black "Cook, John"]
[Result "0-1"]
[WhiteElo "1596"]
[BlackElo "1611"]
[PlyCount "90"]
[EventDate "2012.??.??"]

1. d4 d5 2. c4 c6 3. Nc3 e6 4. f3 Be7 5. Bf4 Nf6 6. e4 dxe4 7. fxe4 O-O 8. Nf3
Qb6 9. Rb1 Bb4 10. a3 Bxc3+ 11. bxc3 Qa5 12. Bd3 Qxc3+ 13. Qd2 Qxa3 14. Qc2 Nh5
15. Bc1 Qa5+ 16. Bd2 Qc7 17. Bb4 Re8 18. e5 f5 19. Bd2 g6 {
Houdini has this as almost exactly equal} 20. Qc1 Nd7 21. Bh6 c5 22. Be2 cxd4
23. Nxd4 Qxe5 24. Nc2 Nc5 25. Ne3 Bd7 26. O-O Bc6 27. Bxh5 gxh5 28. Qd1 Ne4 29.
Rf4 (29. Rf4 Nf6 {Might have been safer}) 29... Nc3 30. Qxh5 (30. Qxh5 Qxe3+
31. Rf2 Qe5) (30. Qxh5 Qf6 31. Rbf1) 30... Nxb1 31. Rg4+ Kh8 32. Bg7+ Qxg7 33.
Rxg7 Kxg7 {
2 rooks and a bishop for the queen, but Nb1 is lost, so two rooks for the queen
} 34. Qd1 {Nc3 and Ne4 also fails per Qd4 with check} Be4 35. Qb3 a5 {
A passed pawn is worth a piece, and as only the Queen is left, it must be that.
} 36. Nc2 Nd2 37. Qc3+ Kg6 38. Qxd2 Bxc2 {Simplifying into the endgame} 39.
Qxc2 a4 40. Qd3 a3 41. Qg3+ Kf7 42. Qc7+ Re7 43. Qe5 a2 44. Qa1 Rd7 45. h4 Rd1+
{Resigns} 0-1

[Event "Club Championships"]
[Site "Wellington Chess Club"]
[Date "2012.08.21"]
[Round "4"]
[White "Jackson, Ross"]
[Black "Nijman, Brian"]
[Result "0-1"]
[WhiteElo "2026"]
[BlackElo "2156"]

1. d4 e6 2. c4 Bb4+ 3. Nc3 f5 4. a3 Bxc3+ 5. bxc3 Nf6 6. g3 O-O 7. Bg2 Qe8 8.
Nf3 Nc6 9. O-O Na5 10. Nd2 Rb8 11. c5 b6 12. cxb6 axb6 13. Nb3 Bb7 14. f3 Nc4
15. Qe1 f4 16. gxf4 Nd5 17. e3 Qh5 18. Ra2 Rf6 19. f5 exf5 20. e4 Re8 21. Re2
Rfe6 22. Rff2 Nf6 23. d5 R6e7 24. exf5 Nxd5 25. Rxe7 Rxe7 26. Re2 Qe8 27. Rxe7
Qxe7 28. Qxe7 Nxe7 29. Nd4 c5 30. Nb5 Nxf5 31. f4 Bxg2 32. Kxg2 Kf7 33. Nc7 Ke7
34. Kf3 Kd6 35. Ke4 Kxc7 36. Kxf5 Kd6 37. h4 Kd5 38. h5 Nd6+ 39. Kg4 Ke4 40.
Bb2 Nc4 41. Bc1 d5 42. f5 Ne5+ 43. Kg5 h6+ 0-1

[Event "Club Championships"]
[Site "Wellington Chess Club"]
[Date "2012.08.21"]
[Round "4"]
[White "Marney, John"]
[Black "Theodosiou, Andreas"]
[Result "0-1"]
[WhiteElo "1232"]
[BlackElo "1610"]

1. e4 e6 2. d4 d6 3. Nf3 Nf6 4. Bd3 b6 5. c4 Bb7 6. Nc3 Nbd7 7. O-O Be7 8. Re1
e5 9. b4 O-O 10. Bb2 c6 11. Qd2 Qc7 12. d5 cxd5 13. cxd5 Rac8 14. a4 Nh5 15.
Nb5 Qb8 16. Na3 Nf4 17. Bf1 f5 18. Nc2 fxe4 19. Rxe4 Bxd5 20. Rxf4 Rxf4 21.
Qxd5+ Kh8 22. Rc1 Nf6 23. Qb3 e4 24. Ng5 d5 25. Qh3 (25. Be5 $1) 25... h6 26.
Nd4 Ng4 27. Rxc8+ Qxc8 28. Nde6 Qc2 29. Bxg7+ Kg8 30. g3 $4 Qxf2+ 31. Kh1 Qxf1+
32. Qxf1 Rxf1+ 33. Kg2 Rf2+ 34. Kh3 h5 35. Kh4 Rxh2# 0-1

[Event "Club Championships"]
[Site "Wellington Chess Club"]
[Date "2012.08.21"]
[Round "4"]
[White "Nyberg, Michael"]
[Black "Stone, Andrew"]
[Result "1-0"]
[WhiteElo "2074"]
[BlackElo "2033"]

1. e4 e6 2. d4 d5 3. Nd2 Nf6 4. e5 Nfd7 5. Ngf3 c5 6. c3 Nc6 7. Nb3 Qc7 8. Bf4
f6 9. Rc1 fxe5 10. dxe5 Be7 11. c4 O-O 12. cxd5 Ndxe5 13. Bg3 Nxf3+ 14. Qxf3
Bd6 15. Qd1 Bxg3 16. hxg3 Qe5+ 17. Be2 exd5 18. Rxc5 Be6 19. Qd3 Bf5 20. Qxd5+
Qxd5 21. Rxd5 Be4 22. Rdh5 Nb4 23. Bc4+ Kh8 24. O-O Nxa2 25. Nc5 Bg6 26. Rg5
Bf7 27. Bxa2 Bxa2 28. Ra1 Bc4 29. Nxb7 h6 30. Rc5 Rfb8 31. Nd6 Bg8 32. Nb5 a6
33. Nc7 Ra7 34. Rxa6 Rxa6 35. Nxa6 Rxb2 36. Nc7 Rd2 37. Kf1 Bf7 38. f3 Kh7 39.
g4 g5 40. Nb5 Rd7 41. Nc3 Ra7 42. Ne4 Ra1+ 43. Kf2 Ra2+ 44. Kg3 Kg6 45. Rc6+
Kh7 46. Rc7 Kg8 47. Nd6 Bd5 48. Nf5 Be6 49. Nxh6+ Kf8 50. Rc5 Kg7 51. Nf5+ Kf6
52. Nd6 Bb3 53. Ne4+ Ke7 54. Nxg5 1-0

[Event "Club Championships"]
[Site "Wellington Chess Club"]
[Date "2012.08.21"]
[Round "4"]
[White "Roberts, Michael"]
[Black "Aldridge, Alan"]
[Result "0-1"]
[WhiteElo "1843"]
[BlackElo "1959"]

1. d4 Nf6 2. c4 e6 3. Nf3 b6 4. a3 Bb7 5. Nc3 Be7 6. e3 O-O 7. Bd3 d5 8. O-O
Nbd7 9. cxd5 exd5 10. Re1 Ne4 11. Nd2 f5 12. f3 Nxc3 13. bxc3 Bd6 14. Qc2 Bxh2+
{Rather a premature resignation! Rybka puts Black less than a pawn up} 0-1

[Event "Club Championships"]
[Site "Wellington Chess Club"]
[Date "2012.08.21"]
[Round "4"]
[White "Timergazi, Layla"]
[Black "Farrington, Lawrence"]
[Result "1-0"]
[WhiteElo "1755"]
[BlackElo "1751"]

1. d4 d5 2. c4 Nc6 3. Nf3 Bg4 4. e3 e6 5. Nc3 Bb4 6. Bd2 Nf6 7. Bd3 Bxc3 8.
Bxc3 Ne4 9. Qc2 Nxc3 10. Qxc3 h6 11. h3 Bxf3 12. gxf3 Qf6 13. Be2 O-O 14. cxd5
exd5 15. O-O-O Ne7 16. Rhg1 Kh8 17. f4 c5 18. dxc5 Qxc3+ 19. bxc3 Rac8 20. Rg4
Rxc5 21. Kd2 Rfc8 22. Rc1 b5 23. Rgg1 Nc6 24. f5 f6 25. f4 Na5 26. Bd3 Nc4+ 27.
Bxc4 dxc4 28. Ke2 Rd8 29. Rcd1 Rcd5 30. Rxd5 Rxd5 31. Rd1 Rxd1 32. Kxd1 Kg8 33.
Ke2 Kf7 34. e4 Ke7 35. Ke3 Kd6 36. Kd4 a5 37. a3 h5 38. e5+ Kc6 39. e6 Kd6 40.
e7 Kxe7 41. Kc5 b4 42. axb4 a4 43. Kxc4 Kd6 44. b5 a3 45. Kb3 Kc5 46. c4 a2 47.
Kxa2 Kd4 48. b6 Ke4 1-0

[Event "Club Championships"]
[Site "Wellington Chess Club"]
[Date "2012.08.21"]
[Round "4"]
[White "Whittle, Jonathon"]
[Black "Stracy, Don"]
[Result "1-0"]
[WhiteElo "1637"]
[BlackElo "1828"]

1. Nf3 Nf6 2. c4 g6 3. b4 Bg7 4. Bb2 O-O 5. g3 d6 6. Bg2 e5 7. d3 Re8 8. O-O
Nbd7 9. Nbd2 c6 10. Ne4 Nxe4 11. dxe4 Nb6 12. Rc1 Be6 13. Qd3 Nxc4 14. Rxc4
Bxc4 15. Qxc4 Qe7 16. Rd1 Rad8 17. b5 cxb5 18. Qxb5 Qd7 19. Qd5 Qc6 20. Ne1
Qxd5 21. Rxd5 Bf8 22. Nc2 Rc8 23. Ne3 Red8 24. Rd2 Rc6 25. Bxe5 Rc5 26. Bf6
Rc1+ 27. Rd1 Rxd1+ 28. Nxd1 Rc8 29. Nc3 a6 30. e3 b5 31. Bf1 Bg7 32. Nd5 Bxf6
33. Nxf6+ Kg7 34. Nd5 Rc2 35. Nb4 Rb2 36. Nxa6 b4 37. Bc4 Kf6 38. Kg2 Ke5 39.
Kf3 f5 40. exf5 gxf5 41. Bb3 h6 42. Nxb4 Rd2 43. Nc6+ Kf6 44. Nd4 Ke5 45. Nc6+
Kf6 46. a4 Rb2 47. Nd4 Rb1 48. Bc2 Ra1 49. Nxf5 Ra2 50. Nd4 Ra3 51. Ke4 Ra1 52.
h4 Rf1 53. f3 h5 54. Kf4 Rf2 55. a5 Rf1 56. a6 Ra1 57. Bd3 Ra2 58. Nc6 Ra4+ 59.
e4 d5 60. Bb5 1-0

[Event "Club Championships"]
[Site "Wellington Chess Club"]
[Date "2012.08.22"]
[Round "4"]
[White "Heaton, Ken"]
[Black "Veldhuizen, Matt"]
[Result "1-0"]
[WhiteElo "1637"]
[BlackElo "1573"]

1. d4 f5 2. e4 fxe4 3. Nc3 Nf6 4. Bg5 d6 5. f3 Bf5 6. Bxf6 exf6 7. fxe4 Bd7 8.
Nf3 Be7 9. Bc4 Qc8 10. h3 Nc6 11. Nh4 g6 12. Qd2 Bf8 13. O-O-O Bg7 14. Rhf1 Ne7
15. Qf2 Rf8 16. Kb1 Be6 17. d5 Bd7 18. Nf3 f5 19. Qh4 Bxc3 20. bxc3 fxe4 21.
Rde1 Bf5 22. Nd4 Rf7 23. g4 Bd7 24. Rxf7 Kxf7 25. Rxe4 Qf8 26. Rf4+ Nf5 27.
gxf5 Kg7 28. fxg6 Qh8 29. Qf6+ 1-0

[Event "Club Championships"]
[Site "Wellington Chess Club"]
[Date "2012.08.28"]
[Round "5"]
[White "Brockway, Andrew"]
[Black "Whittle, Jonathon"]
[Result "1/2-1/2"]
[WhiteElo "1798"]
[BlackElo "1637"]

1. e4 g6 2. d4 Bg7 3. Nc3 d6 4. Nf3 a6 5. a4 b6 6. Be3 Nd7 7. h3 e6 8. Be2 Ne7
9. Qd2 h6 10. O-O Bb7 11. Rfd1 g5 12. Nh2 Ng6 13. Rf1 e5 14. g3 Nf6 15. d5 Bc8
16. Qd1 Bxh3 17. Re1 Bd7 18. Kg2 Qe7 19. Rh1 Qf8 20. Qf1 a5 21. Bb5 Qe7 22. Qc4
Ra7 23. Rhd1 O-O 24. f3 Bc8 25. Rh1 Kh7 26. Rad1 Ng8 27. Qd3 f5 28. Bf2 f4 29.
g4 Nf6 30. Nf1 Nxg4 31. fxg4 Bxg4 32. Nh2 Bxd1 33. Qxd1 Qf7 34. Be2 Ne7 35. Nf3
Qf6 36. Nh2 Qf7 37. Nf3 Kg8 38. Nh2 Bf6 39. Ng4 Bg7 40. Nh2 Ng6 41. Bf3 Raa8
42. Kf1 Qe7 43. Ng4 Kh7 44. Ke2 Rh8 45. Rh5 Qf7 46. Rh2 Qf8 47. Qh1 Kg8 48. Nb5
Rc8 49. Na7 Re8 50. Nb5 Re7 51. Na7 c5 1/2-1/2

[Event "Club Championships"]
[Site "Wellington Chess Club"]
[Date "2012.08.28"]
[Round "5"]
[White "Cook, John"]
[Black "Heaton, Ken"]
[Result "1-0"]
[WhiteElo "1611"]
[BlackElo "1637"]

1. d4 Nf6 2. Nc3 b6 3. e4 Bb7 4. e5 Nd5 5. Nf3 d6 {(c5 or e6 is better)} 6.
Bb5+ Nd7 7. e6 fxe6 8. Ng5 c6 9. Nxe6 Qc8 10. Nxd5 cxd5 11. O-O Bc6 12. Ba6 Qb8
13. Re1 b5 14. Bg5 Nf6 15. Bxf6 gxf6 16. Qh5+ Kd7 17. Qg4 Ke8 18. Ng7+ Bxg7 19.
Qxg7 e5 20. Qxh8+ Kd7 21. Qxh7+ Ke6 22. f4 Qb6 23. f5# 1-0

[Event "Club Championships"]
[Site "Wellington Chess Club"]
[Date "2012.08.28"]
[Round "5"]
[White "Farrington, Lawrence"]
[Black "Roberts, Michael"]
[Result "1/2-1/2"]
[WhiteElo "1751"]
[BlackElo "1843"]

1. e4 e5 2. Nf3 Nc6 3. Nc3 Nf6 4. Bb5 d6 5. O-O a6 6. Bxc6+ bxc6 7. d4 exd4 8.
Nxd4 c5 9. Nf5 Bxf5 10. exf5 Be7 11. Nd5 Nxd5 12. Qxd5 O-O 13. Bf4 Rb8 14. Rab1
Bf6 15. b3 Rb4 16. c4 Qa8 17. Qd3 Qc6 18. Rfe1 Rbb8 19. Re2 Rfe8 20. Rbe1 Kf8
21. Kf1 Rxe2 22. Rxe2 Re8 23. Rxe8+ Kxe8 24. f3 Kd8 25. Qe4 Qxe4 26. fxe4 Ke7
27. g4 h6 28. Kf2 Bd4+ 29. Kf3 Kf6 30. h4 Ke7 31. g5 h5 32. Bd2 Be5 33. Ba5 c6
34. Bd2 Kd7 35. Ba5 Kc8 1/2-1/2

[Event "Club Championships"]
[Site "Wellington Chess Club"]
[Date "2012.08.28"]
[Round "5"]
[White "Marney, John"]
[Black "Frater, Dylan"]
[Result "1-0"]
[WhiteElo "1610"]
[BlackElo "1596"]

1. e4 e5 2. Nf3 Nc6 3. d4 exd4 4. Bc4 h6 5. O-O d6 6. Nxd4 Nxd4 7. Qxd4 Be6 8.
Nc3 c5 9. Bb5+ Bd7 10. Qd3 Be7 11. Bf4 a6 12. Bc4 Bc6 13. Rad1 Nf6 14. Rfe1 Qb6
15. Bb3 Rd8 16. Qg3 Nh5 17. Qf3 Nxf4 18. Qxf4 O-O 19. Rd3 Bg5 20. Qg3 Bb5 21.
Nxb5 axb5 22. Bd5 c4 23. Rf3 Qa5 24. Rd1 Qxa2 25. Bxb7 Qxb2 26. c3 Qb3 27. Rf1
Rd7 28. Bc6 Ra7 29. Qxd6 Qb2 30. Qd1 Rd8 31. Bd5 Ra4 32. Qb1 Qxb1 33. Rxb1 Rd7
34. Bc6 Rda7 35. Rf5 Ra1 36. Rxb5 Rxb1+ 37. Rxb1 Ra3 38. g3 Rxc3 39. f4 Be7 40.
e5 Re3 41. Rb7 Bc5 42. Kg2 c3 43. Bd5 Kh7 44. Rc7 Bb4 45. Bxf7 Re2+ 46. Kf3 Rb2
47. f5 c2 48. Bg6+ Kg8 49. Rc8+ Bf8 50. e6 Rb8 51. Rxc2 Rb3+ 52. Ke4 Rb4+ 53.
Kd5 Rb5+ 54. Kc6 1-0

[Event "Club Championships"]
[Site "Wellington Chess Club"]
[Date "2012.08.28"]
[Round "5"]
[White "Nijman, Brian"]
[Black "Nyberg, Michael"]
[Result "1-0"]
[WhiteElo "2156"]
[BlackElo "2074"]

1. d4 d5 2. e3 g6 3. Bd3 Nd7 4. f4 Bg7 5. Nf3 Ngf6 6. Nbd2 c5 7. c3 Qb6 8. O-O
a6 9. Qe1 Nf8 10. Kh1 Ne6 11. a4 h5 12. Nh4 Qc7 13. Ndf3 Ng4 14. Qg3 Bf6 15.
Ne5 Bd7 16. Nhf3 c4 17. Bc2 Ng7 18. Nxd7 Qxd7 19. Ne5 Bxe5 20. fxe5 Nf5 21. Qf3
e6 22. e4 dxe4 23. Bxe4 O-O-O 24. Bg5 Rdf8 25. b3 cxb3 26. Rab1 f6 27. exf6 Qd6
28. Bf4 Qb6 29. a5 Qb5 30. c4 Qd7 31. Qxb3 Nxd4 32. Bxb7+ Kd8 33. Qb6+ Ke8 34.
Rbd1 e5 35. Rxd4 1-0

[Event "Club Championships"]
[Site "Wellington Chess Club"]
[Date "2012.08.28"]
[Round "5"]
[White "Stracy, Don"]
[Black "Timergazi, Layla"]
[Result "0-1"]
[WhiteElo "1828"]
[BlackElo "1755"]

1. e4 c6 2. Nc3 d5 3. Nf3 Bg4 4. h3 Bh5 5. exd5 cxd5 6. Bb5+ Nc6 7. g4 Bg6 8.
Ne5 Qd6 9. d4 a6 10. Bxc6+ bxc6 11. Qe2 Nf6 12. Bf4 Qe6 13. O-O-O Nd7 14. Nxg6
Qxe2 15. Nxe2 hxg6 16. Nc3 e6 17. Rde1 Bb4 18. Bd2 Nf6 19. f3 Kd7 20. Ne2 Bxd2+
21. Kxd2 Rh7 22. Rh2 Rah8 23. Reh1 g5 24. Ke3 Kd6 25. Kf2 c5 26. dxc5+ Kxc5 27.
Kg3 Rb8 28. Rb1 Rhh8 29. Nc1 Rb7 30. Rd2 Nd7 31. Nb3+ Kb6 32. Rd4 Rc8 33. c3
Ne5 34. f4 gxf4+ 35. Kxf4 Nc4 36. Kg5 Rh8 37. Rd3 f6+ 38. Kf4 Ne5 39. Rg3 Ng6+
40. Ke3 e5 41. Rd1 Nf4 42. Rh1 g5 43. Rh2 Rbh7 44. Nd2 Nxh3 45. c4 dxc4 46.
Nxc4+ Kc5 47. Rc2 Kd5 48. b3 Rh6 49. Rd2+ Kc5 50. Rd6 Ra8 51. Rd7 Rc8 52. Ke4
Nf2+ 53. Kf5 Rc6 54. Na5 Rb6 55. Rc3+ Kb4 56. Rdc7 Kxa5 57. R3c4 Rb5 58. R7c6
Rb6 59. Ra4+ Kb5 60. Rcc4 a5 61. Rc7 e4 62. Ra7 Ra6 63. Re7 Rh3 64. Rd7 Rc6 65.
Rd5+ Rc5 66. Rxc5+ Kxc5 67. Rxa5+ Kd4 68. Ra4+ Kd3 69. Ra6 e3 70. Rd6+ Kc2 71.
Rc6+ Kd2 0-1

[Event "Club Championships"]
[Site "Wellington Chess Club"]
[Date "2012.08.28"]
[Round "5"]
[White "Veldhuizen, Matt"]
[Black "Theodosiou, Andreas"]
[Result "1-0"]
[WhiteElo "1573"]
[BlackElo "1232"]

1. c4 g6 2. g3 e6 3. Bg2 Bg7 4. Nc3 c6 5. Nf3 d5 6. cxd5 cxd5 7. d4 Nc6 8. O-O
Nf6 9. Bd2 O-O 10. Qc1 Bd7 11. Bh6 Bxh6 12. Qxh6 Ng4 13. Qf4 e5 14. dxe5 Re8
15. Nxd5 Ncxe5 16. Nxe5 Rxe5 17. h3 Rf5 18. Qd4 Nf6 19. g4 Nxd5 20. Bxd5 Qg5
21. Bg2 Rd8 22. gxf5 Bxf5 23. Qc3 Be4 24. Qg3 Qxg3 25. fxg3 Bxg2 26. Kxg2 Rd2
27. Kf2 Rxb2 28. Rfb1 Rb6 29. Rxb6 axb6 30. Rb1 1-0

[Event "Club Championships"]
[Site "Wellington Chess Club"]
[Date "2012.08.28"]
[Round "8"]
[White "Sellen, Ian"]
[Black "Ker, Anthony"]
[Result "0-1"]
[WhiteElo "2039"]
[BlackElo "2449"]

1. c4 e5 2. Nc3 Bb4 3. Qc2 Nf6 4. Nf3 Nc6 5. e3 O-O 6. Be2 Re8 7. d3 e4 8. dxe4
Bxc3+ 9. bxc3 Nxe4 10. Bd3 f5 11. O-O b6 12. Nd4 g6 13. f3 Nc5 14. Nb3 Qe7 15.
Re1 Ne5 16. Bf1 Ba6 17. Nd2 Qf7 18. a4 Nxc4 19. Nb1 Re5 20. Na3 c6 21. Qa2 d5
22. Nxc4 Bxc4 23. Bxc4 dxc4 0-1

[Event "Club Championships"]
[Site "Wellington Chess Club"]
[Date "2012.09.04"]
[Round "6"]
[White "Farrington, Lawrence"]
[Black "Stracy, Don"]
[Result "1/2-1/2"]
[WhiteElo "1751"]
[BlackElo "1828"]

1. e4 c5 2. c3 Nf6 3. e5 Nd5 4. d4 cxd4 5. cxd4 d6 6. Nf3 Nc6 7. Bc4 Nb6 8. Bb5
dxe5 9. Nxe5 Bd7 10. Bxc6 Bxc6 11. O-O g6 12. Be3 Bg7 13. Nc3 O-O 14. Qd2 Re8
15. Nxc6 bxc6 16. b3 Qd7 17. Rac1 Red8 18. Rfd1 e5 19. dxe5 Qxd2 20. Rxd2 Rxd2
21. Bxd2 Bxe5 22. Ne4 Rd8 23. Bh6 Rc8 24. g3 Nd5 25. Rd1 Re8 26. Ng5 Bg7 27.
Bxg7 Kxg7 28. Kf1 h6 29. Nf3 Nc3 30. Rd2 c5 31. Rc2 Ne4 32. Nd2 Nxd2+ 33. Rxd2
Re7 34. Rc2 Re5 35. Re2 Kf6 36. Ke1 Ke6 37. f4 Rxe2+ 38. Kxe2 Kd5 39. Kd3 f5
40. h4 a6 41. a3 a5 42. a4 h5 43. Kc3 Kd6 44. Kd2 Kd5 45. Kc3 Kd6 46. Kc4 Kc6
47. Kc3 1/2-1/2